00691nam a22001937a 450000500170000000800410001702000180005804000180007608200210009410000220011524501460013725000120028326000310029530000270032665000480035365000260040165000360042770000340046320220413144441.0220413b ||||| |||| 00| 0 eng d a9781484276310 cAIMIT LIBRARY 21a006.671bSARV aSarcar, Vaskaran. aInteractive object oriented programming in java :bLearn and test your programming skills /cBy Vaskaran Sarcar ; foreword by Avirup Mullick. a1st ed. aNew York :bApress ,c2022 axxxv,588p. ;b26.5 cm. aFundamentals of object oriented programming aConcept of inhertance aAbstract classes and interfaces aMullick, Avirup.eForeword by